[Event "TCh-RUS HL 2025"]
[Site "Sochi RUS"]
[Date "2025.04.26"]
[Round "1.1"]
[White "Makarian, Rudik"]
[Black "Rumyantsev, Semen"]
[Result "1/2-1/2"]
[WhiteTitle "IM"]
[WhiteElo "2543"]
[BlackElo "2108"]
[WhiteTeam "Tsentral Park Tauer (g. Moskva)"]
[BlackTeam "SShOR Vasileostrovskogo rayona - 1 (g. Sa"]
[WhiteFideId "44105681"]
[BlackFideId "34273050"]
[EventDate "2025.04.26"]

1. Nf3 d5 2. c4 e6 3. g3 Nf6 4. Bg2 Nc6 5. O-O Be7 6. d4 Rb8 7. Ne5 O-O 8. Nc3
Nxe5 9. dxe5 Nd7 10. cxd5 Nxe5 11. Bf4 Ng6 12. Be3 a6 13. h4 Ne5 14. Qd4 Bf6 15.
Qa7 Bd7 16. Rfd1 Qc8 17. Ne4 Be7 18. Bf4 Ra8 19. Qd4 Ng6 20. Bxc7 Qxc7 21. d6 e5
22. Qd2 Bxd6 23. Qxd6 Qxd6 24. Nxd6 Bc6 25. Rac1 Rfb8 26. Bxc6 bxc6 27. b3 Ne7
28. Nc4 f6 29. Na5 Rc8 30. Rd6 Rc7 31. Nxc6 Nf5 32. Rd2 Nd4 33. Rc4 Nxc6 34.
Rdc2 Rac8 35. b4 Kf7 36. a4 Ke7 37. b5 axb5 38. axb5 Kd6 39. bxc6 Rxc6 40. Rd2+
Ke7 41. Rg4 g6 42. Ra4 R8c7 43. Ra8 Rc8 44. Raa2 R8c7 45. Kg2 Rd6 46. Rdb2 h5
47. Rb8 Rd8 48. Rb3 Rd6 49. Ra8 Rd8 50. Ra4 Rdd7 51. Rab4 Rd8 52. Re3 Kf7 53.
Rb6 Rdc8 54. Rd3 Kg7 55. Rdd6 Rf7 56. Rb2 Rcc7 57. Rd8 Rcd7 58. Rdb8 Ra7 59. Rc8
Rac7 60. Rcb8 Ra7 61. f3 Rac7 62. Kf2 Ra7 63. R8b4 Rfe7 64. Rb5 Rac7 65. Rb8 Rf7
66. R2b4 Ra7 67. R8b6 Rac7 68. Rb1 Rfd7 69. R1b2 Rf7 70. Kg2 Ra7 71. R2b4 Rac7
72. Rb2 Ra7 73. Kh3 Rac7 74. R6b4 Rfd7 75. Kg2 Ra7 76. Kf2 Rac7 77. R2b3 Ra7 78.
g4 hxg4 79. fxg4 Rd6 80. Kf3 Rc7 81. e3 Ra6 82. Ke4 Rac6 83. g5 f5+ 84. Kxe5
Re7+ 85. Kf4 Rce6 86. Kf3 Re4 87. Ke2 f4 88. Rxe4 Rxe4 89. Rb7+ Kg8 90. Kf3
Rxe3+ 91. Kxf4 Rh3 92. Ke5 Rxh4 93. Kf6 Ra4 94. Rb8+ Kh7 95. Rb7+ Kg8 96. Rg7+
Kh8 97. Rxg6 Ra6+ 98. Kf5 Ra5+ 99. Kg4 Kh7 100. Rb6 Kg7 101. Kh5 Ra7 102. Rf6
Rb7 103. Rf5 Rb1 104. g6 Rh1+ 105. Kg5 Rg1+ 106. Kf4 Rxg6 107. Rg5 Rxg5 108.
Kxg5 1/2-1/2

[Event "TCh-RUS HL 2025"]
[Site "Sochi RUS"]
[Date "2025.04.26"]
[Round "1.2"]
[White "Beznosov, Timofey"]
[Black "Zakhartsov, Vladimir"]
[Result "0-1"]
[BlackTitle "GM"]
[WhiteElo "2117"]
[BlackElo "2457"]
[WhiteTeam "SShOR Vasileostrovskogo rayona - 1 (g. Sa"]
[BlackTeam "Tsentral Park Tauer (g. Moskva)"]
[WhiteFideId "34497951"]
[BlackFideId "4145097"]
[EventDate "2025.04.26"]

1. e4 c5 2. Nf3 a6 3. c3 d5 4. exd5 Qxd5 5. d4 e6 6. Be3 Nd7 7. Nbd2 Ngf6 8. Nb3
cxd4 9. Qxd4 Qc6 10. Bf4 b6 11. O-O-O Be7 12. Ne5 Nxe5 13. Bxe5 Bb7 14. Be2 Rd8
15. Qf4 Qxg2 16. Bxa6 Bxa6 17. Bxf6 Bxf6 18. Qa4+ b5 19. Qxa6 Qg5+ 20. Kb1 Qf5+
21. Ka1 O-O 22. Qc6 Rc8 23. Qd6 Rxc3 24. Nd4 Bxd4 25. Rxd4 Rcc8 26. Qg3 Rc2 27.
f4 Qc5 28. Qd3 g6 29. Kb1 Rc8 30. a3 Rc4 31. Rd1 Rxd4 32. Qxd4 Qf5+ 33. Ka2 Rc4
34. Qe5 Qxe5 35. fxe5 Re4 36. Kb3 g5 37. Rc1 Rxe5 38. Kb4 g4 39. b3 h5 40. a4
bxa4 41. bxa4 Re2 42. Ra1 Rxh2 43. a5 Rb2+ 44. Kc5 Rb8 45. a6 h4 0-1

[Event "TCh-RUS HL 2025"]
[Site "Sochi RUS"]
[Date "2025.04.26"]
[Round "1.3"]
[White "Kukhmazov, Arsen"]
[Black "Buyanov, Gleb"]
[Result "0-1"]
[WhiteTitle "IM"]
[WhiteElo "2467"]
[BlackElo "2017"]
[WhiteTeam "Tsentral Park Tauer (g. Moskva)"]
[BlackTeam "SShOR Vasileostrovskogo rayona - 1 (g. Sa"]
[WhiteFideId "24108260"]
[BlackFideId "34485880"]
[EventDate "2025.04.26"]

1. c4 Nf6 2. Nc3 c5 3. Nf3 Nc6 4. g3 g6 5. Bg2 Bg7 6. d4 cxd4 7. Nxd4 O-O 8. O-O
d6 9. Nxc6 bxc6 10. Bxc6 Rb8 11. Bg2 Qa5 12. Qc2 Bf5 13. e4 Be6 14. Qe2 Rfc8 15.
Nd5 Nxd5 16. exd5 Bf5 17. g4 Bd7 18. h3 e6 19. Rd1 Qa6 20. a3 Rb3 21. dxe6 Bxe6
22. Bd5 Bxd5 23. Rxd5 Rxc4 24. Qe8+ Bf8 25. Be3 Qb7 26. Rd2 Rc8 27. Qa4 Bh6 28.
Re1 Bxe3 29. fxe3 Rxb2 30. Rxb2 Qxb2 31. Qxa7 Qe5 32. Kg2 Rc2+ 33. Kf3 Qf6+ 34.
Ke4 d5+ 35. Kxd5 Qe6+ 36. Kd4 Rc4+ 37. Kd3 Qe4+ 38. Kd2 Qc2# 0-1

[Event "TCh-RUS HL 2025"]
[Site "Sochi RUS"]
[Date "2025.04.26"]
[Round "1.4"]
[White "Rakipi, Alexandr"]
[Black "Galchenko, Matvey"]
[Result "1/2-1/2"]
[BlackTitle "IM"]
[WhiteElo "1963"]
[BlackElo "2442"]
[WhiteTeam "SShOR Vasileostrovskogo rayona - 1 (g. Sa"]
[BlackTeam "Tsentral Park Tauer (g. Moskva)"]
[WhiteFideId "55702163"]
[BlackFideId "24175480"]
[EventDate "2025.04.26"]

1. e4 c5 2. Nf3 a6 3. c3 d5 4. exd5 Qxd5 5. Na3 Nf6 6. Nc4 Nbd7 7. d4 e6 8. Be2
b5 9. Ne3 Qd6 10. O-O Be7 11. a4 Rb8 12. axb5 axb5 13. Ra5 c4 14. b3 Qc7 15. Ra1
cxb3 16. Qxb3 Ne4 17. Bb2 Nd6 18. Ba3 Bb7 19. d5 Bxd5 20. Nxd5 exd5 21. Qxd5 Nf6
22. Qe5 O-O 23. Nd4 Rfc8 24. Bf3 Bf8 25. Nc6 Rb6 26. Rfd1 Nfe8 27. Nb4 Nc4 28.
Qxc7 Nxc7 29. Bc1 Ne6 30. g3 Bc5 31. Nd5 Rbb8 32. Nf4 Ng5 33. Bg4 Rd8 34. Nd3
Ne4 35. Bf4 Bd6 36. Rac1 Bxf4 37. Nxf4 Rxd1+ 38. Bxd1 Rd8 39. Be2 g5 40. Nh5 f5
41. f3 Nc5 42. Rb1 Na3 1/2-1/2

[Event "TCh-RUS HL 2025"]
[Site "Sochi RUS"]
[Date "2025.04.26"]
[Round "1.1"]
[White "Zakirov, Musa"]
[Black "Faizrakhmanov, Ramil"]
[Result "1/2-1/2"]
[WhiteTitle "FM"]
[BlackTitle "IM"]
[WhiteElo "2295"]
[BlackElo "2420"]
[WhiteTeam "RSShOR (Respublika Tatarstan)"]
[BlackTeam "Tatarstan (Respublika Tatarstan)"]
[WhiteFideId "44189222"]
[BlackFideId "24103209"]
[EventDate "2025.04.26"]

1. e4 c5 2. Nf3 d6 3. d4 cxd4 4. Nxd4 Nf6 5. Nc3 a6 6. Rg1 e5 7. Nb3 Be6 8. g4
d5 9. exd5 Nxd5 10. Nxd5 Qxd5 11. Be3 Nc6 12. Qxd5 Bxd5 13. O-O-O O-O-O 14. c4
Be4 15. Rxd8+ Kxd8 16. Be2 Kc7 17. a3 Be7 18. Rd1 Bg6 19. f4 exf4 20. Bxf4+ Kc8
21. g5 Bf5 22. Bf3 h6 23. gxh6 g5 24. Bd6 Rxh6 25. Bxe7 Nxe7 26. Rd2 Rh4 27. c5
g4 28. Bg2 Kc7 29. Na5 Rxh2 30. Bxb7 g3 31. Kd1 Be6 32. Rg2 Nf5 33. Ke2 Rh4 34.
b4 Rg4 35. Rg1 Nd4+ 36. Ke3 Nc2+ 37. Kf3 Nxa3 38. Bd5 Bxd5+ 39. Kxg4 g2 40. Kg3
Nc2 41. Kf2 Nxb4 42. Rd1 Be4 43. Nc4 Nd3+ 44. Ke3 Nxc5 45. Nd2 Bd5 46. Nf3 Kd6
47. Rg1 a5 48. Nh4 a4 49. Nxg2 Nb3 50. Nf4 Bc4 51. Nd3 a3 52. Nc1 Na5 53. Rg2
Nc6 54. Rd2+ Kc5 55. Rc2 Nb4 56. Nb3+ Kd5 57. Rd2+ Ke5 58. Na1 Nd5+ 59. Kf2 a2
60. Ke1 f5 61. Rb2 f4 62. Rb8 Nf6 63. Rc8 Be6 64. Ra8 f3 65. Ra5+ Bd5 66. Nc2
Kf4 67. Nd4 Ne4 68. Nxf3 Kxf3 69. Kd1 Nc5 70. Kc2 Ke3 71. Ra3+ Kd4 72. Kb2 Nd3+
73. Rxd3+ Kxd3 74. Ka1 1/2-1/2

[Event "TCh-RUS HL 2025"]
[Site "Sochi RUS"]
[Date "2025.04.26"]
[Round "1.2"]
[White "Samusenko, Maksim"]
[Black "Mamikonyan, Artem T"]
[Result "1-0"]
[WhiteTitle "IM"]
[WhiteElo "2452"]
[BlackElo "2146"]
[WhiteTeam "Tatarstan (Respublika Tatarstan)"]
[BlackTeam "RSShOR (Respublika Tatarstan)"]
[WhiteFideId "4112253"]
[BlackFideId "55613993"]
[EventDate "2025.04.26"]

1. d4 f5 2. Bg5 h6 3. Bh4 g5 4. e3 Bg7 5. Bg3 c5 6. c3 Qb6 7. Na3 cxd4 8. Nc4
Qe6 9. cxd4 f4 10. d5 Qf7 11. exf4 gxf4 12. Bh4 b5 13. Be2 Kf8 14. Na5 Bxb2 15.
Rc1 Bxc1 16. Qxc1 Na6 17. d6 exd6 18. Nh3 Ne7 19. Nxf4 Rg8 20. O-O Ng6 21. Bg3
Rb8 22. Nh5 Qe6 23. Qxh6+ Ke8 24. Bg4 Qf7 25. Bxd6 1-0

[Event "TCh-RUS HL 2025"]
[Site "Sochi RUS"]
[Date "2025.04.26"]
[Round "1.3"]
[White "Khismatov, Nurlan"]
[Black "Isajevsky, Anton"]
[Result "0-1"]
[BlackTitle "FM"]
[WhiteElo "2006"]
[BlackElo "2403"]
[WhiteTeam "RSShOR (Respublika Tatarstan)"]
[BlackTeam "Tatarstan (Respublika Tatarstan)"]
[WhiteFideId "34292993"]
[BlackFideId "4142500"]
[EventDate "2025.04.26"]

1. d4 Nf6 2. c4 e6 3. Nf3 d5 4. Nc3 a6 5. cxd5 exd5 6. Bg5 c6 7. Qc2 Be6 8. e3
Nbd7 9. h3 Bd6 10. Bf4 Qb8 11. Bxd6 Qxd6 12. Bd3 h6 13. Ne2 Rc8 14. O-O O-O 15.
Rab1 Rfe8 16. Ng3 c5 17. Qd2 b5 18. dxc5 Nxc5 19. Nd4 Qb6 20. Rbc1 Nce4 21. Bxe4
dxe4 22. Rxc8 Rxc8 23. b3 g6 24. Rc1 Rxc1+ 25. Qxc1 Bd5 26. Qc8+ Kg7 27. Nge2 b4
28. Nf4 a5 29. Qc2 Bb7 30. Qc4 Nd7 31. h4 h5 32. g3 Ne5 33. Qc2 Kg8 34. Nh3 Qd6
35. Ng5 Kg7 36. Qc1 Kg8 37. Ne2 Ba6 38. Nf4 Bb7 39. Qc2 Ng4 40. Qc4 Ne5 41. Qc2
Qc6 42. Qd2 Nd3 43. Ne2 a4 44. bxa4 Qxa4 45. f3 b3 46. axb3 Qa1+ 47. Kg2 exf3+
48. Nxf3 Ne1+ 49. Kf2 Nxf3 50. Qb4 Qa8 51. g4 hxg4 52. Qxg4 Nd2 53. h5 Ne4+ 0-1

[Event "TCh-RUS HL 2025"]
[Site "Sochi RUS"]
[Date "2025.04.26"]
[Round "1.4"]
[White "Ospennikov, Dmitry V"]
[Black "Garaev, Tamerlan"]
[Result "1-0"]
[WhiteTitle "FM"]
[WhiteElo "2191"]
[BlackElo "1735"]
[WhiteTeam "Tatarstan (Respublika Tatarstan)"]
[BlackTeam "RSShOR (Respublika Tatarstan)"]
[WhiteFideId "4162960"]
[BlackFideId "34471014"]
[EventDate "2025.04.26"]

1. e4 e6 2. d4 d5 3. Nd2 c5 4. exd5 exd5 5. Ngf3 Nf6 6. Bb5+ Bd7 7. Qe2+ Qe7 8.
Bxd7+ Nbxd7 9. Qxe7+ Bxe7 10. dxc5 Nxc5 11. Nb3 Nxb3 12. axb3 O-O 13. Bg5 Bb4+
14. c3 Rfe8+ 15. Kf1 Be7 16. Rd1 Rad8 17. Nd4 Ne4 18. Bxe7 Rxe7 19. f3 Nc5 20.
Kf2 g6 21. b4 Na4 22. Rd2 Nb6 23. b3 Rc8 24. Ne2 f6 25. Ra1 a6 26. Ra5 Rd7 27.
Rc5 Rdc7 28. Ra5 Rd7 29. Rc5 Rdc7 30. Rxc7 Rxc7 31. Ke3 Kf7 32. Kd4 Nc8 33. Nf4
Ne7 34. Re2 Rc6 35. g4 g5 36. Nd3 Ng6 37. Rf2 Ne5 38. h3 Nxd3 39. Kxd3 Ke7 40.
f4 gxf4 41. Rxf4 Re6 42. Kd4 Re5 43. Rf3 Ke6 44. Kc5 d4+ 45. Kxd4 Rd5+ 46. Ke4
Rd1 47. c4 b6 48. Rd3 Rg1 49. c5 bxc5 50. bxc5 Rc1 51. b4 a5 52. bxa5 Rxc5 53.
Ra3 Rc4+ 54. Kd3 Rc7 55. a6 Ra7 56. Ke4 Ke7 57. Kd5 Kd7 58. Ra4 h6 59. Ra3 h5
60. gxh5 Kc8 61. Ke6 Kb8 62. Kxf6 Rh7 63. Kg6 Rh8 64. h6 Rg8+ 65. Kf7 Rh8 66.
Kg7 Re8 67. h7 Ka7 68. h8=Q Rd8 69. Qf8 Rxf8 70. Kxf8 Ka8 71. a7 Kb7 72. a8=Q+
Kb6 73. Qa7+ Kb5 74. Qc7 Kb4 75. Qc3+ Kb5 76. Ra5+ Kb6 77. Qc5+ Kb7 78. Ra7+ Kb8
79. Qc7# 1-0

[Event "TCh-RUS HL 2025"]
[Site "Sochi RUS"]
[Date "2025.04.26"]
[Round "1.1"]
[White "Rozum, Ivan"]
[Black "Kretov, Evgenij"]
[Result "1-0"]
[WhiteTitle "GM"]
[BlackTitle "FM"]
[WhiteElo "2439"]
[BlackElo "2276"]
[WhiteTeam "Formula shakhmat  (g. Moskva)"]
[BlackTeam "Moskovskiy Gambit (g. Moskva)"]
[WhiteFideId "24104272"]
[BlackFideId "4167821"]
[EventDate "2025.04.26"]

1. d4 Nf6 2. c4 e6 3. Nf3 d5 4. Nc3 Nbd7 5. cxd5 exd5 6. Bg5 Be7 7. e3 c6 8. Bd3
Nh5 9. Bxe7 Qxe7 10. O-O O-O 11. Qb1 g6 12. b4 a6 13. a4 Qd6 14. Rc1 Ng7 15. b5
axb5 16. axb5 Rxa1 17. Qxa1 c5 18. e4 c4 19. Bf1 dxe4 20. Nxe4 Qd5 21. Nc3 Qe6
22. Re1 Qd6 23. Bxc4 Nb6 24. Ne4 Qf4 25. Bb3 Re8 26. Ne5 Re7 27. Qa5 Be6 28.
Qxb6 Bxb3 29. Qd8+ 1-0

[Event "TCh-RUS HL 2025"]
[Site "Sochi RUS"]
[Date "2025.04.26"]
[Round "1.2"]
[White "Polkovnikyan, Artem"]
[Black "Rostovtsev, Dmitry"]
[Result "0-1"]
[BlackTitle "FM"]
[WhiteElo "2131"]
[BlackElo "2321"]
[WhiteTeam "Moskovskiy Gambit (g. Moskva)"]
[BlackTeam "Formula shakhmat  (g. Moskva)"]
[WhiteFideId "34479309"]
[BlackFideId "34278320"]
[EventDate "2025.04.26"]

1. e4 e5 2. Nf3 Nc6 3. Nc3 Nf6 4. d4 exd4 5. Nxd4 Bb4 6. Nxc6 bxc6 7. Bd3 O-O 8.
O-O d5 9. exd5 cxd5 10. h3 Rb8 11. Qf3 Rb6 12. Bg5 Bb7 13. Qg3 h6 14. Bxh6 Nh5
15. Qg4 f5 16. Bxf5 Rxh6 17. Be6+ Rxe6 18. Qxe6+ Kh8 19. Ne2 Qg5 20. Qg4 Qxg4
21. hxg4 Ba6 22. gxh5 Bxe2 23. Rfe1 Bxe1 24. Rxe1 Bxh5 25. Re5 Bf7 26. Re7 c5
27. Rxa7 Bg6 28. Rc7 c4 29. Rd7 Rb8 30. b3 c3 31. Rxd5 Rc8 32. Rd1 Bxc2 33. Rc1
Bd3 34. f3 c2 35. a4 Rb8 36. Kf2 Rxb3 37. Ke3 Bg6+ 38. Kd2 Ra3 0-1

[Event "TCh-RUS HL 2025"]
[Site "Sochi RUS"]
[Date "2025.04.26"]
[Round "1.3"]
[White "Usov, Aleksandr E."]
[Black "Savchenko, Matvey"]
[Result "1/2-1/2"]
[WhiteTitle "FM"]
[WhiteElo "2309"]
[BlackElo "2008"]
[WhiteTeam "Formula shakhmat  (g. Moskva)"]
[BlackTeam "Moskovskiy Gambit (g. Moskva)"]
[WhiteFideId "24257109"]
[BlackFideId "55675077"]
[EventDate "2025.04.26"]

1. d4 d5 2. c4 c6 3. cxd5 cxd5 4. Nc3 Nc6 5. Bf4 e5 6. Bxe5 Nxe5 7. dxe5 d4 8.
Ne4 Bb4+ 9. Nd2 Ne7 10. Nf3 O-O 11. a3 Ba5 12. g3 Nd5 13. Nxd4 Qb6 14. Nb3 Bxd2+
15. Nxd2 Qxb2 16. Bg2 Rd8 17. Qc1 Qxe5 18. Nf3 Qe7 19. e3 Bf5 20. O-O Rac8 21.
Qb2 Rc2 22. Qb3 Rc3 23. Qb2 Rc2 24. Qb3 Rc3 25. Qb2 1/2-1/2

[Event "TCh-RUS HL 2025"]
[Site "Sochi RUS"]
[Date "2025.04.26"]
[Round "1.4"]
[White "Polevoy, David"]
[Black "Kozionov, Kirill"]
[Result "0-1"]
[BlackTitle "IM"]
[WhiteElo "1727"]
[BlackElo "2449"]
[WhiteTeam "Moskovskiy Gambit (g. Moskva)"]
[BlackTeam "Formula shakhmat  (g. Moskva)"]
[WhiteFideId "34446613"]
[BlackFideId "24101729"]
[EventDate "2025.04.26"]

1. c4 e5 2. Nc3 Nf6 3. e4 Nc6 4. Nf3 Bb4 5. d3 d6 6. h3 Bc5 7. Be3 Nd4 8. a3 a5
9. g3 h6 10. Bg2 g5 11. Bxd4 exd4 12. b4 Bb6 13. Ne2 c5 14. h4 g4 15. Nd2 Nh5
16. Nf4 Nxf4 17. gxf4 Qf6 18. f5 Rg8 19. Nf1 Qe5 20. b5 Bxf5 21. Qd2 Rg6 22.
O-O-O Be6 23. Ng3 a4 24. Rdf1 Ba5 25. Qd1 Kd7 26. Kb1 Rf6 27. Nf5 Qf4 28. Ng7
Rg6 29. Nxe6 fxe6 30. e5 Kc7 31. Be4 Rgg8 32. exd6+ Kb6 33. h5 Qxd6 34. Rh4 Qe5
35. Bg6 Rgf8 36. Rxg4 Rf4 37. Rxf4 Qxf4 38. Qe2 e5 39. Rg1 Qh2 40. Qf1 Rf8 41.
Rg2 Qh4 42. Be4 Qxh5 43. Rg7 Rf7 44. Bg6 Rxf2 45. Bxh5 Rxf1+ 46. Kc2 Rf2+ 47.
Kb1 Bc3 48. Bg6 Rf1+ 49. Kc2 Rg1 50. Rg8 Rg2+ 51. Kb1 e4 52. dxe4 d3 53. e5 Rg1+ 0-1

[Event "TCh-RUS HL 2025"]
[Site "Sochi RUS"]
[Date "2025.04.26"]
[Round "1.1"]
[White "Borshch, Alexei"]
[Black "Turov, Maxim"]
[Result "0-1"]
[BlackTitle "GM"]
[WhiteElo "1950"]
[BlackElo "2536"]
[WhiteTeam "Severnyy gambit (Nizhegorodskaya oblast)"]
[BlackTeam "Galereya (g. Sankt-Peterburg)"]
[WhiteFideId "55645410"]
[BlackFideId "4120086"]
[EventDate "2025.04.26"]

1. e4 c5 2. Nf3 d6 3. Bb5+ Nd7 4. O-O a6 5. Bd3 g6 6. c3 Bh6 7. Bc2 Ne5 8. Nxe5
dxe5 9. d3 Qc7 10. Bxh6 Nxh6 11. h3 O-O 12. Nd2 Rd8 13. Nf3 f6 14. Qd2 Kg7 15.
Qe3 Be6 16. a4 Rd6 17. Rfd1 Nf7 18. Rd2 Rb6 19. Bd1 Rd8 20. Be2 Rbd6 21. a5 Bd7
22. d4 cxd4 23. cxd4 exd4 24. Rxd4 e5 25. Rxd6 Nxd6 26. b4 Bb5 27. Rc1 Qe7 28.
Ne1 Bxe2 29. Qxe2 Nb5 30. Nd3 Rd4 31. h4 Qd6 32. Nc5 Rxb4 33. Qg4 Nd4 34. Kh2
Rb2 35. Qc8 Kh6 36. Qg8 Rxf2 37. Nxb7 Nf3+ 38. Kh3 Qd7+ 39. Kg3 Qd2 40. Qf8+ Kh5 0-1

[Event "TCh-RUS HL 2025"]
[Site "Sochi RUS"]
[Date "2025.04.26"]
[Round "1.2"]
[White "Remizov, Yaroslav"]
[Black "Pyatnitsyn, Matvey A"]
[Result "1-0"]
[WhiteTitle "IM"]
[WhiteElo "2459"]
[BlackElo "1859"]
[WhiteTeam "Galereya (g. Sankt-Peterburg)"]
[BlackTeam "Severnyy gambit (Nizhegorodskaya oblast)"]
[WhiteFideId "34134015"]
[BlackFideId "55653413"]
[EventDate "2025.04.26"]

1. Nf3 d5 2. c4 e6 3. g3 Nf6 4. Bg2 Be7 5. O-O O-O 6. d4 dxc4 7. Qa4 a6 8. Qxc4
b5 9. Qc2 Bb7 10. Bd2 Nc6 11. e3 Ra7 12. Ne1 Qa8 13. f4 Bd6 14. a3 Rb8 15. Nc3
g6 16. b4 Bf8 17. Rc1 Rd8 18. h3 Bg7 19. g4 Ne8 20. f5 exf5 21. gxf5 Nd6 22. f6
Bf8 23. Nd1 Nc4 24. Nb2 N6e5 25. Nxc4 Nxc4 26. Qd3 Bh6 27. Nf3 Be4 28. Qe2 Qd5
29. Rce1 Re8 30. Bc1 Qh5 31. Rf2 Bf5 32. Ne5 Nxe5 33. Qxh5 gxh5 34. dxe5 Bg6 35.
Bb2 c5 36. bxc5 Rc7 37. c6 Bf8 38. Rd2 Bf5 39. Red1 Bc5 40. Kf2 b4 41. axb4 Bxb4
42. Rd8 Kf8 43. Rxe8+ Kxe8 44. Bd4 1-0

[Event "TCh-RUS HL 2025"]
[Site "Sochi RUS"]
[Date "2025.04.26"]
[Round "1.3"]
[White "Goliakov, Evgeny"]
[Black "Putrenko, Kirill"]
[Result "0-1"]
[BlackTitle "FM"]
[WhiteElo "1945"]
[BlackElo "2304"]
[WhiteTeam "Severnyy gambit (Nizhegorodskaya oblast)"]
[BlackTeam "Galereya (g. Sankt-Peterburg)"]
[WhiteFideId "4119100"]
[BlackFideId "44148402"]
[EventDate "2025.04.26"]

1. d4 d5 2. Nf3 Nf6 3. c4 dxc4 4. Nc3 a6 5. a4 Nc6 6. e4 Bg4 7. Be3 Bxf3 8. gxf3
Na5 9. Qc2 e6 10. Rd1 Bb4 11. Rg1 O-O 12. Be2 Kh8 13. Kf1 b5 14. d5 Qd7 15. Rg5
e5 16. Kg2 Bd6 17. Kh1 Nb3 18. Rdg1 g6 19. axb5 axb5 20. R5g2 Nh5 21. Nb1 Nf4
22. Bxf4 exf4 23. Rg4 Be5 24. Bf1 Nd4 25. Qd1 Ra2 26. Bh3 Qe7 27. Nc3 Rxb2 28.
Nb1 0-1

[Event "TCh-RUS HL 2025"]
[Site "Sochi RUS"]
[Date "2025.04.26"]
[Round "1.4"]
[White "Shemyakinskiy, Nikita"]
[Black "Borsch, Alexander"]
[Result "1-0"]
[WhiteTitle "FM"]
[WhiteElo "2307"]
[BlackElo "1835"]
[WhiteTeam "Galereya (g. Sankt-Peterburg)"]
[BlackTeam "Severnyy gambit (Nizhegorodskaya oblast)"]
[WhiteFideId "44170025"]
[BlackFideId "34273999"]
[EventDate "2025.04.26"]

1. d4 d5 2. c4 dxc4 3. Nf3 Nf6 4. e3 e6 5. Bxc4 c5 6. O-O cxd4 7. exd4 Nc6 8.
Nc3 Be7 9. Qe2 O-O 10. Rd1 Na5 11. Bd3 b6 12. Bg5 Bb7 13. Bxf6 Bxf6 14. Be4 Qe7
15. Rac1 Rac8 16. Ne5 Rfd8 17. Qf3 Bg5 18. Rb1 f6 19. Bxb7 Qxb7 20. Qxb7 Nxb7
21. Nf3 Bf4 22. Re1 Kf7 23. Re2 g5 24. h3 h5 25. g3 Bb8 26. Rbe1 Re8 27. Kg2 Nd6
28. g4 hxg4 29. hxg4 Rcd8 30. d5 exd5 31. Nxd5 Rxe2 32. Rxe2 Re8 33. Rxe8 Nxe8
34. Ne3 Ng7 35. Kf1 Ne6 36. b3 b5 37. Nd5 Bd6 38. Ke2 a6 39. Ne1 Nc5 40. Ke3 Ke6
41. Kd4 Nd7 42. Nd3 Bb8 43. Ke4 Kd6 44. N5b4 a5 45. Nd5 Ba7 46. Nc3 Nc5+ 47.
Nxc5 Kxc5 48. Nd5 Kd6 49. f3 Kc5 50. Nxf6 Kb4 51. Kd3 Ka3 52. f4 Bb8 53. fxg5
Be5 54. Ke4 Bd6 55. Nd7 Kxa2 56. g6 1-0

[Event "TCh-RUS HL 2025"]
[Site "Sochi RUS"]
[Date "2025.04.26"]
[Round "1.1"]
[White "Zakaryan, David"]
[Black "Zaytsev, Egor"]
[Result "1/2-1/2"]
[WhiteTitle "IM"]
[WhiteElo "2310"]
[BlackElo "2144"]
[WhiteTeam "Krasnodarskiy kray (Krasnodarskiy kray)"]
[BlackTeam "Kuban (Krasnodarskiy kray)"]
[WhiteFideId "24101923"]
[BlackFideId "34399968"]
[EventDate "2025.04.26"]

1. e4 c5 2. Nf3 e6 3. d4 cxd4 4. Nxd4 Nf6 5. Nc3 Nc6 6. Nxc6 bxc6 7. e5 Nd5 8.
Ne4 Qc7 9. f4 Qb6 10. c4 Bb4+ 11. Ke2 f5 12. Nf2 Ba6 13. Kf3 Ne7 14. Be3 Bc5 15.
Bxc5 Qxc5 16. Qd6 Qb6 17. b3 c5 18. Rd1 Bb7+ 19. Kg3 Qxd6 20. exd6 Ng8 21. Nd3
Rc8 22. Be2 Nh6 23. h4 Nf7 24. Bh5 g6 25. Bf3 Bxf3 26. Kxf3 h5 27. Rhe1 O-O 28.
Ne5 Nxe5+ 29. Rxe5 Rc6 30. Ke2 Rb8 31. Rd3 Kf7 32. Kd2 Rbb6 33. Kc3 a5 34. Kc2
Kf6 35. Kc3 Kf7 36. Kc2 Kf6 37. Kc3 1/2-1/2

[Event "TCh-RUS HL 2025"]
[Site "Sochi RUS"]
[Date "2025.04.26"]
[Round "1.2"]
[White "Matushchak, Nikita"]
[Black "Tekeyev, Zaur"]
[Result "1/2-1/2"]
[BlackTitle "IM"]
[WhiteElo "2034"]
[BlackElo "2417"]
[WhiteTeam "Kuban (Krasnodarskiy kray)"]
[BlackTeam "Krasnodarskiy kray (Krasnodarskiy kray)"]
[WhiteFideId "24225231"]
[BlackFideId "4199731"]
[EventDate "2025.04.26"]

1. e4 c5 2. c3 Nf6 3. e5 Nd5 4. d4 cxd4 5. Nf3 d6 6. cxd4 dxe5 7. Nxe5 Nc6 8.
Bc4 e6 9. O-O Be7 10. Nxc6 bxc6 11. Nc3 O-O 12. Ne4 Qb6 13. b3 Rd8 14. Bb2 a5
15. Rc1 a4 16. Qf3 Ba6 17. Ba1 axb3 18. axb3 Bb5 19. Nc3 Bxc4 20. bxc4 Nxc3 21.
Bxc3 Bf6 22. Rfd1 h6 23. h3 Ra3 24. Qe4 Qa6 25. Bb4 Ra4 26. Bc5 Rxc4 27. Rxc4
Qxc4 28. Qxc6 Qc2 29. Rf1 Bxd4 30. Qb6 Bf6 31. Be3 h5 32. Qc5 Qg6 33. Rc1 h4 34.
Qc2 Qh5 35. Qe4 Be5 36. Qg4 Qh7 37. Bg5 Rf8 38. Qxh4 Qg6 39. Be3 Qd3 40. Qh5 Qe4
41. Qg4 Qd3 42. Rd1 Qb3 43. Rc1 Rd8 44. g3 Qd3 45. h4 Bb2 46. Rc7 Qd6 47. Qc4
Qd1+ 48. Kh2 Be5 49. Rc8 Rxc8 50. Qxc8+ Kh7 51. Qb7 Qh5 1/2-1/2

[Event "TCh-RUS HL 2025"]
[Site "Sochi RUS"]
[Date "2025.04.26"]
[Round "1.3"]
[White "Vastrukhin, Oleg"]
[Black "Khantuev, Adam"]
[Result "1/2-1/2"]
[WhiteTitle "IM"]
[WhiteElo "2362"]
[BlackElo "1990"]
[WhiteTeam "Krasnodarskiy kray (Krasnodarskiy kray)"]
[BlackTeam "Kuban (Krasnodarskiy kray)"]
[WhiteFideId "4192770"]
[BlackFideId "34372300"]
[EventDate "2025.04.26"]

1. c4 Nf6 2. g3 e6 3. Bg2 Be7 4. Nf3 O-O 5. O-O d5 6. d4 dxc4 7. Ne5 c5 8. dxc5
Qc7 9. Nxc4 Rd8 10. Qa4 Qxc5 11. Nc3 Nd5 12. Nxd5 exd5 13. Ne5 Bf6 14. Nd3 Qc4
15. Qd1 Bf5 16. Be3 Na6 17. Qd2 Be4 18. Rfc1 Qa4 19. Qd1 Qe8 20. Rab1 Bxg2 21.
Kxg2 Qe4+ 22. Kg1 d4 23. Bd2 Re8 24. b4 Qxe2 25. Qxe2 Rxe2 26. Rb2 b6 27. Rbc2
Rae8 28. Bf4 g5 29. Bd6 Rxc2 30. Rxc2 Re6 31. Rc6 Be7 32. Rc8+ Kg7 33. Bxe7 Rxe7
34. Rd8 Re2 35. Rxd4 Rxa2 36. Rd7 Kf6 37. b5 Ke6 38. Rb7 Nc5 39. Nxc5+ bxc5 40.
Rc7 Ra5 41. Rxc5 f6 42. Rc7 h5 43. Kg2 Rxb5 1/2-1/2